Горная механика для открытых горных работ: учебник для техникумов

Dades bibliogràfiques
Autor principal: Снешко Е. И.
Idioma:rus
Publicat: Москва, Недра, 1983
Edició:2-е изд., перераб. и доп.
Matèries:
Format: Llibre
KOHA link:https://koha.lib.tpu.ru/cgi-bin/koha/opac-detail.pl?biblionumber=303907

MARC

LEADER 00000nam0a2200000 4500
001 303907
005 20231102001641.0
020 |a RU  |b 83-25469 
035 |a (RuTPU)RU\TPU\book\329142 
090 |a 303907 
100 |a 20150907d1983 m y0rusy5003 ca 
101 0 |a rus 
102 |a RU 
105 |a a j 001zy 
200 1 |a Горная механика для открытых горных работ  |e учебник для техникумов  |f Е. И. Снешко 
205 |a 2-е изд., перераб. и доп. 
210 |a Москва  |c Недра  |d 1983 
215 |a 254 с.  |c ил. 
320 |a Библиогр.: с. 250 
320 |a Предметный указатель: с. 251-252 
606 1 |a Горная механика  |2 stltpush  |3 (RuTPU)RU\TPU\subj\7463  |9 35108 
610 1 |a учебники 
610 1 |a карьеры 
610 1 |a оборудование 
610 1 |a открытые работы 
610 1 |a рудничные турбомашины 
610 1 |a насосные установки 
610 1 |a проветривание 
610 1 |a компрессорные установки 
610 1 |a подъемники 
675 |a 622.271.002.5(075.32)  |z rus  |v 4 
700 1 |a Снешко  |b Е. И.  |4 070 
801 0 |a RU  |b RuMRKP  |c 19950704  |g psbo 
801 1 |a RU  |b 63413507  |c 20150907 
801 2 |a RU  |b 63413507  |c 20170929  |g RCR 
942 |c BK